| 000 | 00992naa a2200253 c 4500 | ||
|---|---|---|---|
| 001 | 32545 | ||
| 003 | ES-MaCES | ||
| 005 | 20011220132800.0 | ||
| 008 | 011220n2001 sp t 000 | spa d | ||
| 035 | _aCES20010005689v | ||
| 040 |
_aES-MaCES _bspa _cES-MaCES |
||
| 100 | 1 |
_aNevado Fernández, María José _919587 |
|
| 245 | 1 | 3 |
_aEl cuidado legal de personas a cargo de trabajadores (maternidad y parentalidad en las relaciones de trabajo y de seguridad social) (I) _cMaría José Nevado Fernández |
| 650 | 4 |
_aEspaña _926964 |
|
| 650 | 4 |
_acontrato de trabajo _928316 |
|
| 650 | 4 |
_acuidado infantil _927062 |
|
| 650 | 4 |
_atrabajadora madre de familia _929565 |
|
| 650 | 4 |
_amaternidad _929512 |
|
| 653 | 1 | 0 | _aRelaciones laborales-Empleo |
| 773 | 0 |
_tRevista española de Derecho del trabajo _gn. 105 (mayo-jun. 2001){10040 R. 043191}; p. 365-392 _w(ES-MaCES)25060 _932348 |
|
| 902 | _aART Artículo de revista | ||
| 942 |
_2CES _cAR _h2.0. |
||
| 999 |
_c32545 _d32545 |
||